000 00665nam a2200217 i 4500
001 5798
003 ES-MaACL
005 20250929063043.0
007 t|
008 890530s1936 fr ||||1|bfre d
080 _a235.3:92 Christophe, Saint
080 _a92 Christophe,Saint
100 1 _aSaintyves, Pierre,
_d1870-1935
_9101565
245 1 0 _aSaint Christophe
_b: successeur d'Anubis, d'Hermes et d'Heracles /
_cP. Saintyves.
260 _aParis :
_bEmile Nourry,
_c1936.
300 _a55 p. ;
_c20 cm.
500 _aEjemplar fotocopiado.
600 1 4 _aCristobal
_cSanto.
_941640
852 _aES-MaACL
_jL-12942
_bR.116538
999 _c5798
_d5798